000 00750nam a2200217 i 4500
001 115468
003 ES-MaACL
005 20250825062601.0
007 t|
008 070309s1928 sp ||||1| spa d
080 _a821.134.2(85)-23"19"
100 1 _aSassone, Felipe.
_9103913
245 1 0 _a!No tengo nada que hacer!
_b: pequeña tragedia cotidiana, sin hado, ni coturno , en tres actos /
_cFelipe Sassone.
260 _aMadrid :
_bPrensa Moderna,
_c1928.
300 _a64 p. ;
_c17 cm.
490 1 _aEl Teatro moderno ;
_v142
500 _aEstrenada en el Teatro de la Princesa, de Madrid, el día 12 de mayo de 1928.
830 0 3 _aEl teatro moderno (Prensa Moderna)
_v142
_9182365
852 _aES-MaACL
_jC-13041
999 _c115468
_d115468